000 03456cam a22006494i 4500
003 PE-LiUPU
005 20250731165616.0
008 150709s2013 pe a rb 000 0 spa d
020 _a9786124050664
020 _a9789508087591
_q(Homo sapiens Ediciones)
035 _a(Sirsi) i9786124050664
040 _aPE-LiUPU
_bspa
_cPE-LiUPU
_erda
049 _aPRUA
082 0 4 _a001.42
_bA57
100 1 _aAnder-Egg, Ezequiel,
_eautor.
245 1 0 _aCómo elaborar monografías, artículos científicos y otros textos expositivos /
_cEzequiel Ander-Egg, Pablo Valle.
250 _aPrimera edición.
264 1 _aLima, Perú :
_bUniversidad Inca Garcilaso de la Vega. Nuevos tiempos. Nuevas ideas. Fondo Editorial,
_c2013.
264 1 _aArgentina :
_bHomo Sapines Ediciones,
_c2013.
300 _a106 páginas :
_bilustraciones ;
_c25 centímetros
336 _atext
_2rdacontent
337 _aunmediated
_2rdamedia
338 _avolume
_2rdacarrier
490 0 _aTextos universitarios /Investigación
505 0 _aProceso de elaboración de una monografía -- Algunas técnicas y procedimientos para la recogida de datos e información cuando se realiza un trabajo de campo -- Estructura de monografías, tesinas, proyectos y artículos científicos -- Pautas y sugerencias para la redacción de monografías, tesinas, tesis y otros textos expositivos.
526 _aSEG44
526 _aSEG26
526 _aP151
526 _aP150
526 _aP149
526 _aP146
526 _aP145
526 _aP126
526 _aP125
526 _aP92
526 _aP75
526 _aP74
526 _aP27
526 _aP15
541 _g001-0039190;
541 _g001-0039194;
541 _g001-000126;
541 _g0001-0042355;
650 4 _aArtículos científicos
_xRedacción.
650 4 _aMetodologia de la investigación.
910 _aaas
_bjck
_caas
_d20150709
942 _2ddc
_cBOOK
949 _a001.42 A57
_wDEWEY
_c1
_i71583
_d2016-4-18
_e2016-4-18
_mBUL
_n1
_p7.25
_r0
_sY
_tBOOK
_u2015-7-9
_xFCE
_0COMPRA
_o.STAFF. Colección General
949 _a001.42 A57
_wDEWEY
_c1
_iFJ00070
_lCCODEBUJ1
_mBUJ
_p7.22
_r0
_sY
_tBOOK
_u2015-8-3
_xEDUCACION
_PP20
_0COMPRA
_o.STAFF. Colección General Juliaca
949 _a001.42 A57
_wDEWEY
_c2
_i73882
_lCCODEBUL1
_mBUL
_p11.00
_r0
_sY
_tBOOK
_u2016-7-18
_xFCE
_PP08
_0COMPRA
_o.STAFF. Colección General
994 _aC0
_bPEPRU
596 _a1 3
999 _a001.42 A57
_wDEWEY
_c56352
_i71583
_d56352
_e2016-4-18
_f2021-11-4
_g6
_lCCODEBUL1
_mBUL
_n1
_p7.25
_r0
_sY
_tBOOK
_u2015-7-9
_xBIBLIOTECA
_PP04
_0COMPRA
_o.STAFF. Colección General
999 _a001.42 A57
_wDEWEY
_c2
_i73882
_d2018-11-21
_e2018-10-31
_f2021-11-4
_g6
_lCCODEBUL1
_mBUL
_n2
_p11.00
_q1
_r0
_sY
_tBOOK
_u2016-7-18
_xBIBLIOTECA
_PP20
_0COMPRA
_o.STAFF. Colección General
999 _a001.42 A57
_wDEWEY
_c3
_i78230
_d2018-5-30
_e2018-5-25
_f2021-11-4
_g4
_lCCODEBUL1
_mBUL
_n1
_p17.42
_r0
_sY
_tBOOK
_u2018-1-19
_xBIBLIOTECA
_PP27
_0COMPRA
_o.STAFF. Colección Ingeniería y Arquitectura
999 _a001.42 A57
_wDEWEY
_c1
_iFJ00070
_d2019-7-3
_e2019-4-17
_f2021-12-27
_g4
_lCCODEBUJ1
_mBUJ
_n2
_p7.22
_q5
_r0
_sY
_tBOOK
_u2015-8-3
_xFCE
_PP08
_0COMPRA
_o.STAFF. Colección General Juliaca
980 _81
_gALBERTO SANCHEZ Responsable de Automatización